<?xml version="1.0" encoding="UTF-8"?>
<record
    xmlns:xsi="http://www.w3.org/2001/XMLSchema-instance"
    xsi:schemaLocation="http://www.loc.gov/MARC21/slim http://www.loc.gov/standards/marcxml/schema/MARC21slim.xsd"
    xmlns="http://www.loc.gov/MARC21/slim">

  <leader>01081nam a2200325 i 4500</leader>
  <controlfield tag="001">245170</controlfield>
  <controlfield tag="003">OSt</controlfield>
  <controlfield tag="005">20180921</controlfield>
  <controlfield tag="008">0000002002                          dr     0000000000spa00</controlfield>
  <datafield tag="100" ind1=" " ind2=" ">
    <subfield code="a">Rosario Taveras, Norma D</subfield>
  </datafield>
  <datafield tag="245" ind1=" " ind2=" ">
    <subfield code="a">Automedicaci&#xF3;n en el sector Barrio Lindo del municipio Hato Mayor del Rey Rep&#xFA;blica Dominicana per&#xED;odo junio-septiembre 2002</subfield>
    <subfield code="c">Norma D. Rosario Taveras, Yuderka I. Encarnaci&#xF3;n Castillo, Naifa A. Brito de Salas; asesores Rosario Moj&#xED;ca, William Duke</subfield>
  </datafield>
  <datafield tag="260" ind1=" " ind2=" ">
    <subfield code="a">Rep&#xFA;blica Dominicana :</subfield>
    <subfield code="b">Universidad Central del Este</subfield>
  </datafield>
  <datafield tag="300" ind1=" " ind2=" ">
    <subfield code="a">51h</subfield>
  </datafield>
  <datafield tag="502" ind1=" " ind2=" ">
    <subfield code="a">Tesis (Licenciado en Farmacia)-- Universidad Central del Este, 2002</subfield>
  </datafield>
  <datafield tag="504" ind1=" " ind2=" ">
    <subfield code="a">Incluye bibliograf&#xED;a &#xED;ndice y anexos</subfield>
  </datafield>
  <datafield tag="650" ind1=" " ind2=" ">
    <subfield code="a">Abuso de medicamentos</subfield>
    <subfield code="a">Automedicaci&#xF3;n</subfield>
    <subfield code="a">Farmacolog&#xED;a</subfield>
    <subfield code="a">Medicamentos</subfield>
    <subfield code="a">TC 6206</subfield>
    <subfield code="a">Tesis y disertaciones acad&#xE9;micas</subfield>
  </datafield>
  <datafield tag="700" ind1=" " ind2=" ">
    <subfield code="a">Brito de Salas, Naifa Adalgisa</subfield>
    <subfield code="a">Duke, William, ases</subfield>
    <subfield code="a">Encarnaci&#xF3;n Castillo, Yuderka I</subfield>
    <subfield code="a">Moj&#xED;ca, Rosario, ases</subfield>
  </datafield>
  <datafield tag="040" ind1=" " ind2=" ">
    <subfield code="a">DLC</subfield>
    <subfield code="c">DLC</subfield>
  </datafield>
  <datafield tag="942" ind1=" " ind2=" ">
    <subfield code="2">ddc</subfield>
    <subfield code="c">TH</subfield>
  </datafield>
  <datafield tag="999" ind1=" " ind2=" ">
    <subfield code="c">245170</subfield>
    <subfield code="d">24517000</subfield>
  </datafield>
  <datafield tag="952" ind1=" " ind2=" ">
    <subfield code="0">0</subfield>
    <subfield code="1">0</subfield>
    <subfield code="2">ddc</subfield>
    <subfield code="4">0</subfield>
    <subfield code="7">0</subfield>
    <subfield code="a">1</subfield>
    <subfield code="b">1</subfield>
    <subfield code="d">2018-08-17</subfield>
    <subfield code="o">T 615.58 R789a 2002</subfield>
    <subfield code="y">TH</subfield>
  </datafield>
  <datafield tag="952" ind1=" " ind2=" ">
    <subfield code="0">0</subfield>
    <subfield code="1">0</subfield>
    <subfield code="2">ddc</subfield>
    <subfield code="4">0</subfield>
    <subfield code="7">0</subfield>
    <subfield code="a">1</subfield>
    <subfield code="b">1</subfield>
    <subfield code="d">2018-08-17</subfield>
    <subfield code="o">T 615.58 R789a 2002</subfield>
    <subfield code="y">TH</subfield>
  </datafield>
</record>
